Empleados y subalternos de la administración romana (Record no. 109750)

MARC details
000 -LEADER
campo de control de longitud fija 00568nam a2200181 4500
001 - NÚMERO DE CONTROL
campo de control 109750
003 - IDENTIFICADOR DE NÚMERO DE CONTROL
campo de control ES-MaACL
005 - FECHA Y HORA DE LA ÚLTIMA TRANSACCIÓN
campo de control 20230906184913.0
007 - CAMPO FIJO DE DESCRIPCIÓN FÍSICA--INFORMACIÓN GENERAL
campo de control de longitud fija t|
008 - DATOS DE LONGITUD FIJA--INFORMACIÓN GENERAL
campo de control de longitud fija 061121s1982 sp r ||||1| spa d
080 ## - NÚMERO DE LA CLASIFICACIÓN DECIMAL UNIVERSAL
Número de la Clasificación Decimal Universal 35(37).08
100 1# - ENTRADA PRINCIPAL--NOMBRE DE PERSONA
Nombre de persona Muñiz Coello, Joaquín.
9 (RLIN) 84272
245 10 - MENCIÓN DEL TÍTULO
Título Empleados y subalternos de la administración romana
Resto del título : Los ` Scribae` /
Mención de responsabilidad, etc. Joaquín Muñiz Coello.
260 ## - PUBLICACIÓN, DISTRIBUCIÓN, ETC.
Lugar de publicación, distribución, etc. La Rábida :
Nombre del editor, distribuidor, etc. Colegio Universitario,
Fecha de publicación, distribución, etc. 1982.
300 ## - DESCRIPCIÓN FÍSICA
Extensión 82 p. ;
Dimensiones 21 cm.
650 #4 - PUNTO DE ACCESO ADICIONAL DE MATERIA--TÉRMINO DE MATERIA
Término de materia o nombre geográfico como elemento de entrada Funcionarios-
Subdivisión geográfica Roma.
9 (RLIN) 148243
852 ## - LOCALIZACIÓN
Ubicación ES-MaACL
Número de control de estantería L-2833
Sublocalización o colección R.103906
Holdings
Estatus retirado Estado de pérdida Estado de daño No para préstamo Biblioteca de origen Biblioteca actual Ubicación en estantería Fecha de adquisición Fuente de adquisición Total de préstamos Signatura topográfica completa Código de barras Visto por última vez Precio de reemplazo Tipo de ítem Koha
        Biblioteca del Ateneo de Madrid Biblioteca del Ateneo de Madrid Depósito 2 17/01/2008     L-2833 1114512 23/02/2023 23/02/2023 Libro impreso